|
|
|
|
| LEADER |
00000naa2a2200000 4500 |
| 001 |
168095 |
| 005 |
20251204141010.0 |
| 035 |
|
|
|a (RuTPU)RU\TPU\book\182375
|
| 035 |
|
|
|a RU\TPU\book\182173
|
| 090 |
|
|
|a 168095
|
| 100 |
|
|
|a 20091023d1999 k y0rusy50 ca
|
| 101 |
0 |
|
|a rus
|
| 102 |
|
|
|a RU
|
| 200 |
1 |
|
|a Means of integration of geoinformation system MapInfo with WWW
|f S. J. Agranovich, N. G. Markov, P. M. Ostrast
|
| 463 |
|
1 |
|0 (RuTPU)RU\TPU\book\10961
|t Korus`98. Proceedings
|o The Second Russian-Korean International Symposium on Science and Technology, August, 30-September, 5, 1998
|f Tomsk Polytechnic University (TPU)
|v P. 277-280
|d 1999
|
| 610 |
1 |
|
|a труды учёных ТПУ
|
| 700 |
|
1 |
|a Agranovich
|b S. J.
|4 070
|
| 701 |
|
1 |
|a Markov
|b N. G.
|c Doctor of Engineering, Professor of TPU
|c Russian specialist in Informatics and Computing
|f 1950-
|g Nikolai Grigorevich
|3 (RuTPU)RU\TPU\pers\24811
|9 11026
|
| 701 |
|
1 |
|a Ostrast
|b P. M.
|4 070
|
| 801 |
|
1 |
|a RU
|b 63413507
|c 20091014
|
| 801 |
|
2 |
|a RU
|b 63413507
|c 20131022
|g RCR
|
| 942 |
|
|
|c BK
|